000 00502nam a2200181Ia 4500
008 131103s9999 xx 000 0 und d
040 _aLoreto College
041 _aEnglish
082 _a943/ELK
_bLCLIB/2471
100 _aElkins,T.H.
245 _aGermany
_cT.H.Elkins
260 _aLondon
_bChristophers
_c1960
300 _a272 p.
_b ill.,diagrams,maps,tables
_c 19 cm.
504 _aIncludes bibliographical references and index
650 _aGermany - History
850 _aLCLIB
942 _cBK
999 _c8357
_d58836